1134 1267 1937 1351 1477 1109 1167 1458 1181 1682 1012 1291 1704 1105 1547 1204 1139 1414 1935 1060 1828 1195 1311 1685 1473 1360 1393 1884 1178 1245 1043 1406 1920 1259 1586 1266 1491 1409 1115 1295 1460 1074 1306 1951 1948 1210 1644 1174 1437 1419 1755 1436 1146 1048 1940 1850 1999 1253 1883 1791 1398 1822 1617 1607 1430 1076 1710 1430 1359 1116 1822 1698 1891 1125 1154 1603 1917 1595 1421 1588 1227 1035 1178 1793 1944 1835 1876 1585 1484 1538 1626 1190 1566 1077 1987 1838 1330 1150 1339 BCNSPRNW ULIB Ver.6.0+V

เปลี่ยนเป็นภาษาไทย

Change to English
 แสดงรายละเอียดบรรณานุกรม
  กลับหน้าหลัก

Brief Record : Get Marc (ISO 2709) : E-mail record : QR code < ปิดหน้าต่าง
LEADER : 00000nam 2200000uu 4500
001    13399121456
003     ULIB
008    110609s2546 th 000 p tha d
020    ^a9789749167267
050  4 ^aรส^bร168ต 2546
100 0  ^aรวี โดมพระจันทร์
245 10 ^aตื่นเถิดเสรีชนและงานคัดสรร /^cรวี โดมพระจันทร์
250    ^aพิมพ์ครั้งที่ 1
260    ^aกรุงเทพฯ :^bมูลนิธิสถาบันวิชาการ 14 ตุลา,^c2546
300    ^a99 หน้า ;^c21 ซม.
490 0  ^aหนังสือชุด''ตุลาวรรณกรรม''
500    ^aฉลองครบรอบ 30 ปี 14 ตุลา : 2516-2546 ร่วมวาระประวัติศาสตร์''''วัน 14 ตุลา ประชาธิปไตย''''
600 04 ^aรวี โดมพระจันทร์^xผลงาน
650  4 ^aกวีนิพนธ์
650  4 ^aกวีนิพนธ์ไทย
650  4 ^aความเรียง^xรวมเรื่อง
651  4 ^aไทย^xการเมืองและการปกครอง^xกวีนิพนธ์
710 2  ^aมูลนิธิสถาบันวิชาการ 14 ตุลา
945    ^p0^l0^i14355
995    ^aกัณชพร
999    ^aกัณชพร
รายการนี้ยังไม่มีแท็ก
คุณยังไม่ได้ล็อกอิน คุณสามารถมีกิจกรรมร่วมกับเว็บไซต์ได้ แต่ต้องล็อกอินก่อน ::
  ล็อกอิน

รายการสื่อสารสนเทศ

ลำดับที่ ประเภท เลขเรียก/บาร์โค้ด สถานที่ สถานะ
1. นวนิยาย
นวนิยาย
รส ร168ต 2546  
  Barcode: 14355
ห้องสมุดวิทยาเขตสวรรค์ประชารักษ์
►นวนิยาย
บนชั้น
  ขอยืม

รายการใกล้เคียง
    หัวเรื่อง [กวีนิพนธ์]
    หัวเรื่อง [กวีนิพนธ์ไทย]

BibComment


ยังไม่เคยถูกคอมเมนท์

คอมเมนท์ทรัพยากรรายการนี้
  คอมเมนท์: ตื่นเถิดเสรีชนแล..


 Copyright 2026. Bcnsprnw @Library